| 000 | 00458nam a2200181Ia 4500 | ||
|---|---|---|---|
| 005 | 20240913125315.0 | ||
| 008 | 240913s9999||||xx |||||||||||||| ||und|| | ||
| 020 | _a0-07-118307-8 | ||
| 041 | _aENGLISH | ||
| 082 | _A658.4052 P0 | ||
| 100 | _aLewicki,Roy J et al. | ||
| 245 | 0 | _aNegotiation : Readings,Exercises and Cases | |
| 250 | _a3rd | ||
| 260 |
_c2000 _bMGH,B |
||
| 500 | _aREFERENCE | ||
| 650 |
_aManagement _bManagement Studies |
||
| 942 | _cREF | ||
| 999 |
_c245271 _d245271 |
||